| 000 | 00434nam a2200193Ia 4500 | ||
|---|---|---|---|
| 005 | 20250425160915.0 | ||
| 008 | 250425s9999 xx 000 0 und d | ||
| 020 | _a0070212260 | ||
| 041 | _aeng | ||
| 082 | _a338.47004 | ||
| 100 | _aFLEER, CHARLES | ||
| 245 | 0 | _aCOMPUTER HARDWARE | |
| 250 | _aS.E. | ||
| 260 |
_aEstados Unidos _bMcHGRAW-HILL _c1991 |
||
| 260 | _aNEW YORK | ||
| 300 | _a311 | ||
| 942 | _c01 | ||
| 010 | _a8083 | ||
| 999 |
_c198615 _d198615 |
||